الزخارف الهندسية العربية : 200 لوحة لنماذج و تصاميم : (رقم التسجيلة. 11571)

تفاصيل مارك
000 -LEADER
fixed length control field 00583nam a22001697a 4500
005 - DATE AND TIME OF LATEST TRANSACTION
control field 20251108164656.0
008 - FIXED-LENGTH DATA ELEMENTS--GENERAL INFORMATION
fixed length control field 250721s1989 xx 000 0 ara d
082 14 - DEWEY DECIMAL CLASSIFICATION NUMBER
Classification number 740.0956/بور
100 1# - MAIN ENTRY--PERSONAL NAME
Personal name بورجوين، ج.
245 10 - TITLE STATEMENT
Title الزخارف الهندسية العربية : 200 لوحة لنماذج و تصاميم :
Remainder of title 200 لوحة لنماذج و تصاميم /
264 1# - PRODUCTION, PUBLICATION, DISTRIBUTION, MANUFACTURE, AND COPYRIGHT NOTICE
Place of production, publication, distribution, manufacture القاهره :
Name of producer, publisher, distributor, manufacturer مكتبة مدبولي،
Date of production, publication, distribution, manufacture, or copyright notice 1989.
300 ## - PHYSICAL DESCRIPTION
Extent 198ص : مص
650 17 - SUBJECT ADDED ENTRY--TOPICAL TERM
Topical term or geographic name as entry element الفنون الإسلامية
650 17 - SUBJECT ADDED ENTRY--TOPICAL TERM
Topical term or geographic name as entry element الزخرفة
942 ## - ADDED ENTRY ELEMENTS (KOHA)
Source of classification or shelving scheme Dewey Decimal Classification
Koha item type كتب
المقتنيات
حالة السحب حالة الفقدان مصدر التصنيف حالة التلف غير قابل للإعارة المكتبة الرئيسية المكتبة الحالية موقع الرف تاريخ التزويد الرقم المتسلسل Total Checkouts رقم الإستدعاء تاريخ آخر ظهور تاريخ الفاتورة نوع المادة (كوها) الباركود
    Dewey Decimal Classification Unchecked   مكتبة أم قصير والمقابلين العامة مكتبة أم قصير والمقابلين العامة الإعارة 06/07/2004 2163   740.0956/بور 28/07/2025 06/07/2004 كتب  
    Dewey Decimal Classification     مكتبة صويلح العامة مكتبة صويلح العامة الإعارة 25/06/2019 [12301]   740.0956/بور 28/07/2025 25/06/2019 كتب PLD00455174
Implemented & Customized by: BBB with SCIT (Smart Chains for Information Technology)

Powered by Koha